[Event "AUTO-MASTER-2717"]
[Site "http://www.queenalice.com/game.php?id=1524699"]
[Date "2018.4.23"]
[Round "1"]
[White "luizmortagua"]
[Black "SubRoger"]
[Result "0-1"]
[WhiteElo "2170"]
[BlackElo "2103"]

1. c4 g6 2. Nc3 Bg7 3. e3 Nf6 4. Nge2 O-O 5. g3 c6 6. Bg2 d5 7. cxd5 cxd5 8. d4
a6 9. O-O Bg4 10. Re1 Nc6 11. Qb3 Na5 12. Qb4 Bxe2 13. Rxe2 e6 14. b3 Re8 15.
Na4 Bf8 16. Qd2 Nc6 17. Bb2 Bb4 18. Bc3 Qa5 19. Bxb4 Qxb4 20. Qxb4 Nxb4 21. a3
Nc6 22. Nb6 Rad8 23. Rc2 Nd7 24. Nxd7 Rxd7 25. b4 Rc8 26. Rac1 Rdd8 27. Bf1 Na7
28. a4 Rxc2 29. Rxc2 Rc8 30. Rxc8+ Nxc8 31. b5 a5 32. Bd3 Kf8 33. f3 Ke7 34. Kf2
Kd6 35. Ke2 Nb6 36. Bc2 Nc4 37. Kd3 e5 38. Bb3 Nb6 39. dxe5+ Kxe5 40. f4+ Kd6
41. Kd4 f6 42. g4 Nd7 43. Bxd5 b6 44. Bb3 g5 45. fxg5 fxg5 46. Ke4 Nc5+ 47. Kf5
Nxb3 48. Kxg5 Nc5 49. h4 Nxa4 50. Kf6 Nc5 51. g5 a4 52. h5 Nd7+ 53. Kg7 a3 54.
g6 hxg6 55. h6 a2 56. h7 a1=Q+ 57. Kg8 Qa8+ 0-1

[Event "AUTO-MASTER-2717"]
[Site "http://www.queenalice.com/game.php?id=1524700"]
[Date "2018.4.23"]
[Round "1"]
[White "SubRoger"]
[Black "luizmortagua"]
[Result "0-1"]
[WhiteElo "2100"]
[BlackElo "2176"]

1. d4 d5 2. Bf4 Nf6 3. h3 c5 4. e3 Nc6 5. c3 Qb6 6. Qb3 c4 7. Qxb6 axb6 8. Nf3
b5 9. Nbd2 b4 10. Be2 bxc3 11. bxc3 Bf5 12. O-O h6 13. Ne5 e6 14. Nxc6 bxc6 15.
a4 Kd7 16. Rfc1 Bd6 17. Bxd6 Kxd6 18. Bd1 Rhb8 19. Bc2 Bxc2 20. Rxc2 c5 21. Rca2
cxd4 22. exd4 Ra5 23. f3 Nd7 24. Rb1 Rxb1+ 25. Nxb1 Nb6 26. Kf2 Rxa4 27. Rxa4
Nxa4 28. Ke3 e5 29. dxe5+ Kxe5 30. f4+ Kd6 31. Kd4 Nc5 32. Nd2 Ne6+ 33. Ke3 Nc7
34. Nf3 Nb5 35. Kd2 f6 36. Nh4 Kc5 37. Nf5 d4 38. cxd4+ Nxd4 39. Nxg7 Kb4 40. g4
c3+ 41. Kc1 Kb3 42. Nf5 Ne2+ 43. Kd1 c2+ 0-1

[Event "AUTO-MASTER-2717"]
[Site "http://www.queenalice.com/game.php?id=1524701"]
[Date "2018.4.23"]
[Round "1"]
[White "luizmortagua"]
[Black "Artking"]
[Result "0-1"]
[WhiteElo "2186"]
[BlackElo "2050"]

1. c4 Nf6 2. Nc3 g6 3. g3 Bg7 4. e3 c6 5. Bg2 d6 6. Nge2 e5 7. d4 Nbd7 8. O-O
O-O 9. d5 c5 10. e4 a6 11. a4 b6 12. f4 exf4 13. Bxf4 Qe7 14. Qd2 Ng4 15. Rab1
Ra7 16. b4 Nde5 17. Qa2 Nd3 18. b5 Nxf4 19. Rxf4 axb5 20. Nxb5 Rb7 21. a5 bxa5
22. Qxa5 Ne3 23. Qa4 Bd7 24. Qb3 Nxg2 25. Kxg2 Bh6 26. Qf3 Bxf4 27. Qxf4 Bxb5
28. cxb5 f5 29. Nc3 fxe4 30. Qxe4 Qg5 31. Qe6+ Kg7 32. Ne4 Qe3 33. Nxd6 Qf3+ 34.
Kh3 Ra7 35. Qe5+ Kh6 36. b6 Ra4 37. b7 g5 38. Nf5+ Rxf5 39. Qe6+ Rf6 40. Qxf6+
Qxf6 41. b8=Q g4+ 42. Kg2 Ra2+ 43. Kh1 Qf3+ 0-1

[Event "AUTO-MASTER-2717"]
[Site "http://www.queenalice.com/game.php?id=1524702"]
[Date "2018.4.23"]
[Round "1"]
[White "Artking"]
[Black "luizmortagua"]
[Result "0-1"]
[WhiteElo "2134"]
[BlackElo "2167"]

1. e4 Nf6 2. e5 Nd5 3. d4 d6 4. f4 Bf5 5. a3 dxe5 6. fxe5 e6 7. c4 Qh4+ 8. Ke2
Bg4+ 9. Nf3 Bxf3+ 10. gxf3 Nf4+ 11. Bxf4 Qxf4 12. Nc3 Nc6 13. Ne4 O-O-O 14. Qd2
Nxd4+ 15. Kf2 Qxf3+ 16. Kg1 Qxe4 17. Qg2 Nf3+ 18. Kf2 Rd2+ 0-1

[Event "AUTO-MASTER-2721"]
[Site "http://www.queenalice.com/game.php?id=1526458"]
[Date "2018.5.7"]
[Round "1"]
[White "areis"]
[Black "luizmortagua"]
[Result "1-0"]
[WhiteElo "2142"]
[BlackElo "2177"]

1. d4 d5 2. Nf3 Nf6 3. Bf4 c5 4. c3 Nc6 5. e3 Qb6 6. Qb3 c4 7. Qc2 Bf5 8. Qc1 h6
9. Nbd2 Nh5 10. Bg3 Nxg3 11. hxg3 e6 12. b3 cxb3 13. axb3 Rc8 14. Qb2 Be7 15.
Be2 O-O 16. O-O f6 17. Rfc1 e5 18. dxe5 Nxe5 19. Nxe5 fxe5 20. Nf3 Bf6 21. Qa3
d4 22. cxd4 exd4 23. Rxc8 Rxc8 24. exd4 Bxd4 25. Nxd4 Qxd4 26. Bc4+ Kh7 27. Qxa7
Qf6 28. Re1 Qc3 29. Qe3 Qb4 30. Re2 Bg6 31. Qd4 Qf8 32. Qb6 Rb8 33. Re3 Qa3 34.
Qc7 Qa1+ 35. Kh2 Rf8 36. Rf3 Rxf3 37. gxf3 Qa7 38. Kg2 Qa8 39. Bd5 Qe8 40. Qxb7
Qd8 41. Qa8 Qxa8 42. Bxa8 Be8 43. f4 Bf7 44. b4 Be8 45. f5 Kg8 46. Kf3 Kf7 47.
Ke4 Kf6 48. Kf4 Bb5 49. Bd5 g5+ 50. fxg6 Kxg6 51. g4 Kf6 52. f3 Kg6 53. Ke5 h5
54. gxh5+ Kxh5 55. Bf7+ Kh6 56. Kf6 Kh7 57. f4 Kh6 58. f5 Kh7 59. Ke7 Kg7 60.
f6+ Kh6 61. Be6 1-0

[Event "AUTO-MASTER-2721"]
[Site "http://www.queenalice.com/game.php?id=1526472"]
[Date "2018.5.7"]
[Round "1"]
[White "luizmortagua"]
[Black "josebaron"]
[Result "1-0"]
[WhiteElo "2156"]
[BlackElo "2047"]

1. c4 c5 2. Nc3 e5 3. g3 Nf6 4. Bg2 Nc6 5. e3 Be7 6. Nge2 O-O 7. O-O d6 8. d4
cxd4 9. exd4 exd4 10. Nxd4 Nxd4 11. Qxd4 a6 12. b3 Qc7 13. Bb2 Bd7 14. Nd5 Qd8
15. Nxe7+ Qxe7 16. Bxb7 Rab8 17. Bd5 Be6 18. Rfe1 Qd7 19. Bxe6 fxe6 20. Ba3 Rbd8
21. Rad1 Rfe8 22. Qxd6 Qc8 23. Qc5 Rxd1 24. Rxd1 e5 25. Qxc8 Rxc8 26. Rd6 Ra8
27. Bb2 a5 28. Bxe5 Ne4 29. Rd7 Nf6 30. Bxf6 gxf6 31. f4 h5 32. Kf2 Ra6 33. h3
1-0

[Event "AUTO-MASTER-2721"]
[Site "http://www.queenalice.com/game.php?id=1526473"]
[Date "2018.5.7"]
[Round "1"]
[White "josebaron"]
[Black "luizmortagua"]
[Result "0-1"]
[WhiteElo "2063"]
[BlackElo "2168"]

1. e4 c5 2. c4 g6 3. Nf3 Bg7 4. Nc3 Nc6 5. d3 e6 6. Be2 Nge7 7. O-O d5 8. cxd5
exd5 9. Nxd5 Nxd5 10. exd5 Qxd5 11. h3 Bf5 12. a3 Rd8 13. Qc2 O-O 14. Be3 b6 15.
Rfd1 Bd4 16. Bxd4 Nxd4 17. Nxd4 Qxd4 18. Qc3 Rfe8 19. Qxd4 Rxd4 20. Kf1 Red8 21.
Kg1 Bxd3 22. Bxd3 Rxd3 23. Rxd3 Rxd3 24. Rb1 Rb3 25. f4 c4 26. Rc1 b5 27. Rc2
Kg7 28. Kh2 Kf6 29. g4 Rf3 30. f5 gxf5 31. gxf5 Kxf5 32. Kg2 Kf4 33. Rd2 Ke3 34.
Rd7 Rf2+ 35. Kg3 Rxb2 36. Rxa7 c3 37. Rxf7 c2 38. Rf3+ Kd4 0-1

[Event "AUTO-MASTER-2721"]
[Site "http://www.queenalice.com/game.php?id=1526474"]
[Date "2018.5.7"]
[Round "1"]
[White "luizmortagua"]
[Black "chessman"]
[Result "1-0"]
[WhiteElo "2165"]
[BlackElo "1864"]

1. c4 c6 2. Nc3 d5 3. cxd5 cxd5 4. d4 e6 5. Bf4 Nf6 6. e3 Nc6 7. a3 Be7 8. Bd3
O-O 9. h3 Re8 10. Nf3 h6 11. O-O a6 12. Rc1 Bd6 13. Bxd6 Qxd6 14. e4 dxe4 15.
Nxe4 Nxe4 16. Bxe4 Bd7 17. Qb3 b5 18. Rfd1 Rac8 19. d5 exd5 20. Bxd5 Qf6 21.
Bxf7+ Qxf7 22. Qxf7+ Kxf7 23. Rxd7+ Re7 24. Ne5+ Ke6 25. Rxc6+ 1-0

[Event "AUTO-MASTER-2721"]
[Site "http://www.queenalice.com/game.php?id=1526475"]
[Date "2018.5.7"]
[Round "1"]
[White "chessman"]
[Black "luizmortagua"]
[Result "0-1"]
[WhiteElo "1839"]
[BlackElo "2164"]

1. e4 Nf6 2. Nc3 d5 3. exd5 Nxd5 4. Nf3 Nxc3 5. bxc3 g6 6. d4 Bg7 7. Bd3 Nc6 8.
O-O O-O 9. Re1 b6 10. Ba3 Re8 11. Bc4 Na5 12. Bb3 c5 13. Bb2 c4 14. Ba4 Rf8 15.
Ba3 Bf6 16. Bb4 Nb7 17. Bc6 Rb8 18. Ne5 Qc7 19. Bf3 Bd7 20. Ng4 Bxg4 21. Bxg4
Nd6 22. Bf3 a5 23. Ba3 Nb5 24. Bb2 Rfd8 25. a4 Nd6 26. Bc1 e5 27. dxe5 Nf5 28.
Qe2 Re8 29. Bf4 Qc5 30. h3 Bg7 31. Qe4 Nh4 32. Rad1 Nxf3+ 33. Qxf3 Bxe5 34. Bxe5
Rxe5 35. Rxe5 Qxe5 36. Qe3 Qc7 37. Qd4 Qc6 38. Qd7 Qe4 39. Qd4 Qxc2 40. Qd2 Qxa4
41. Qd4 Qc6 42. Re1 a4 43. Ra1 b5 44. Qa7 Qd6 45. Re1 Rd8 46. Qa5 Qd2 47. Re3
Qd5 48. Qb4 Ra8 49. Re1 a3 50. Ra1 Ra4 51. Qb1 Qd2 52. Qxb5 Qxc3 53. Rd1 Rb4 54.
Qe8+ Kg7 55. Rd7 Qc1+ 0-1

[Event "AUTO-MASTER-2736"]
[Site "http://www.queenalice.com/game.php?id=1531748"]
[Date "2018.6.18"]
[Round "1"]
[White "junipero"]
[Black "luizmortagua"]
[Result "1/2-1/2"]
[WhiteElo "2025"]
[BlackElo "2181"]

1. d4 d5 2. c4 e5 3. dxe5 d4 4. e3 Bb4+ 5. Bd2 dxe3 6. fxe3 Qh4+ 7. g3 Qe4 8.
Qf3 Bxd2+ 9. Nxd2 Qxe5 10. Qe4 Nc6 11. Ngf3 Qxe4 12. Nxe4 Bf5 13. Nc3 O-O-O 14.
Bg2 Nb4 15. O-O Nc2 16. Rac1 Nxe3 17. Rfe1 Nxc4 18. b3 Nd6 19. Nd5 c6 20. Ne5 f6
21. Nc4 Nxc4 22. Rxc4 Kb8 23. Ne3 Ne7 24. Nxf5 Nxf5 25. Rb4 Kc7 26. Bh3 Nd4 27.
Re7+ Kd6 28. Rbxb7 g6 29. Rxa7 Nf3+ 30. Kg2 Ne5 31. Re6+ Kd5 32. Rxf6 Ra8 33.
Rxa8 Rxa8 34. Rf2 Nd3 35. Rd2 Ke4 36. Kf1 Rf8+ 37. Kg1 Ke3 38. Rc2 Nb4 39. Rb2
Nd3 40. Rb1 Kd2 41. Bd7 Kc2 42. Rf1 Rxf1+ 43. Kxf1 c5 44. Be6 Nc1 45. a4 Nxb3
46. Bxb3+ Kxb3 47. a5 c4 48. a6 c3 49. a7 c2 50. a8=Q c1=Q+ 51. Kg2 Qd2+ 52. Kh3
Qd7+ 53. g4 Kc4 54. Qe4+ Kc5 55. Kh4 Qd8+ 56. g5 Qd4 57. Qxd4+ Kxd4 58. Kg4 Ke4
59. h3 Ke3 60. Kg3 Ke4 61. h4 Ke3 62. Kg4 1/2-1/2

[Event "AUTO-MASTER-2736"]
[Site "http://www.queenalice.com/game.php?id=1531749"]
[Date "2018.6.18"]
[Round "1"]
[White "luizmortagua"]
[Black "junipero"]
[Result "1-0"]
[WhiteElo "2174"]
[BlackElo "1997"]

1. c4 c5 2. Nc3 Nc6 3. g3 d6 4. Bg2 Bd7 5. e3 e5 6. Nge2 Nf6 7. O-O Be7 8. d4
cxd4 9. exd4 O-O 10. dxe5 dxe5 11. a3 h6 12. Nd5 Re8 13. Nec3 Nxd5 14. Nxd5 Bf8
15. Re1 Rb8 16. b4 a6 17. Bb2 Be6 18. Bxe5 Bxd5 19. Bxb8 Bxg2 20. Qxd8 Rxd8 21.
Kxg2 Nxb8 22. Rad1 Rxd1 23. Rxd1 Be7 24. f4 Kf8 25. Kf3 Ke8 26. Ke4 Bf6 27. Kd5
Nd7 28. Kd6 Kd8 29. c5 Bb2 30. c6 bxc6 31. Kxc6 Bxa3 32. Rxd7+ Ke8 33. Rb7 g6
34. Kc5 Bc1 35. Kb6 Be3+ 36. Kxa6 Bg1 37. Rc7 Bxh2 38. Rc3 Bg1 39. b5 Bd4 40.
Rd3 Bf2 41. b6 Bxb6 42. Kxb6 f5 43. Rd6 Kf7 44. Kc5 Kg7 45. Kd5 g5 46. fxg5 1-0

[Event "AUTO-MASTER-2736"]
[Site "http://www.queenalice.com/game.php?id=1531760"]
[Date "2018.6.18"]
[Round "1"]
[White "luizmortagua"]
[Black "VictorArruda"]
[Result "1-0"]
[WhiteElo "2166"]
[BlackElo "2047"]

1. c4 f5 2. Nc3 Nf6 3. g3 g6 4. Bg2 Bg7 5. e3 O-O 6. Nge2 d6 7. O-O e5 8. d4
exd4 9. Nxd4 Re8 10. b3 Nbd7 11. Bb2 Nc5 12. Qc2 Nce4 13. Nf3 Rb8 14. Nd2 b6 15.
Ncxe4 Nxe4 16. Bxg7 Kxg7 17. Nxe4 fxe4 18. Bxe4 Be6 19. Rad1 Qf6 20. Bc6 Rf8 21.
Qe4 Bf5 22. Qd4 Qxd4 23. exd4 Bg4 24. f3 Be6 25. Rde1 Bf7 26. Re7 1-0

[Event "AUTO-MASTER-2736"]
[Site "http://www.queenalice.com/game.php?id=1531761"]
[Date "2018.6.18"]
[Round "1"]
[White "VictorArruda"]
[Black "luizmortagua"]
[Result "0-1"]
[WhiteElo "2089"]
[BlackElo "2186"]

1. d4 d5 2. c4 e5 3. e3 exd4 4. Qxd4 Nf6 5. cxd5 Qxd5 6. Qxd5 Nxd5 7. Nf3 Nb4 8.
Na3 Be6 9. b3 N8c6 10. Bb5 O-O-O 11. Bb2 a6 12. Be2 Bg4 13. O-O Bxf3 14. Bxf3
Nd3 15. Nc4 Nxb2 16. Nxb2 Ne5 17. Rad1 Nxf3+ 18. gxf3 Bc5 19. Nc4 f6 20. Kg2 c6
21. f4 Rhe8 22. Kf3 b5 23. Nb2 Ba3 24. Nd3 Re7 25. Ke2 Red7 26. f3 c5 27. Nf2
Bb4 28. Rxd7 Rxd7 29. Rd1 f5 30. Nd3 Ba3 31. Ne5 Rxd1 32. Kxd1 Kc7 33. Kd2 Kd6
34. Nd3 Kd5 35. Kc3 a5 36. Ne5 Bc1 37. Kd3 g5 38. e4+ fxe4+ 39. fxe4+ Ke6 40.
Ng4 Bxf4 41. h3 h5 42. Ne3 Bxe3 43. Kxe3 Ke5 0-1

[Event "Challenge"]
[Site "http://www.queenalice.com/game.php?id=1537700"]
[Date "2018.8.5"]
[Round "-"]
[White "luizmortagua"]
[Black "Harry28"]
[Result "1-0"]
[WhiteElo "2195"]
[BlackElo "2330"]

1. c4 c6 2. Nc3 d5 3. cxd5 cxd5 4. d4 Nc6 5. Bf4 Bf5 6. e3 a6 7. Qb3 e6 8. Qxb7
Nb4 9. Nf3 Nf6 10. Ne5 Be7 11. Nc6 Nxc6 12. Qxc6+ Nd7 13. Bxa6 1-0

[Event "AUTO-ELITE-2021"]
[Site "http://www.queenalice.com/game.php?id=1539123"]
[Date "2018.8.17"]
[Round "1"]
[White "luizmortagua"]
[Black "Sacapiece"]
[Result "1-0"]
[WhiteElo "2224"]
[BlackElo "2273"]

1. c4 Nf6 2. Nc3 e5 3. g3 d5 4. cxd5 Nxd5 5. Bg2 Nb6 6. Nf3 Nc6 7. O-O Be7 8. d3
O-O 9. a3 Be6 10. Be3 f6 11. Rc1 Nd4 12. Bxd4 exd4 13. Ne4 Kh8 14. Qc2 c6 15.
Nc5 Bxc5 16. Qxc5 Bd5 17. Nxd4 Bxg2 18. Kxg2 Re8 19. e3 Re5 20. Qc2 Qd5+ 21. Kg1
Rh5 22. Qe2 Rh6 23. Qf3 Rd8 24. Qxd5 Rxd5 25. Rfd1 Rdh5 26. Nf3 g5 27. g4 Rh3
28. Kg2 f5 29. Rh1 Kg7 30. Ne5 f4 31. Nf3 fxe3 32. Nxg5 R3h4 33. h3 Rd6 34. fxe3
Rxd3 35. Ne6+ Kf6 36. Kg3 Rxh3+ 37. Kxh3 Rxe3+ 38. Kg2 Kxe6 39. Rce1 Nd5 40.
Rxe3+ Nxe3+ 41. Kf3 Nc4 42. Rxh7 b5 43. Rh6+ Kf7 44. Kf4 Nxb2 45. Rxc6 a5 46.
Kf5 Nc4 47. Rc7+ Kg8 48. Rxc4 bxc4 49. Ke4 1-0

[Event "AUTO-ELITE-2021"]
[Site "http://www.queenalice.com/game.php?id=1539124"]
[Date "2018.8.17"]
[Round "1"]
[White "Sacapiece"]
[Black "luizmortagua"]
[Result "1-0"]
[WhiteElo "2247"]
[BlackElo "2237"]

1. e4 Nf6 2. Nc3 d5 3. exd5 Nxd5 4. Bc4 Nb6 5. Bb3 Nc6 6. Qf3 e6 7. Nge2 Na5 8.
O-O Be7 9. d3 Bd7 10. Qg3 O-O 11. Bh6 Bf6 12. Bf4 Rc8 13. Ne4 Bh4 14. Qf3 Nxb3
15. axb3 Bc6 16. Qh5 a6 17. Ng5 Bxg5 18. Bxg5 Qd5 19. Nf4 Qf5 20. g4 Qc5 21. Bh4
Qxc2 22. Bf6 gxf6 23. Qh6 Qxb2 24. Nh5 f5 25. Nf6+ Qxf6 26. Qxf6 Nd7 27. Qh6 Kh8
28. Rfe1 Rg8 29. g5 Rxg5+ 30. Qxg5 Rg8 31. Qxg8+ Kxg8 32. f4 Nc5 33. Re3 Nxb3
34. Rg3+ Kf8 35. Rd1 Nc5 36. Kf2 Nd7 37. Rdg1 Nf6 38. Ke3 a5 39. Kd4 Be8 40. Kc3
b5 41. Kb3 Ke7 42. Rc1 Kd6 43. Rg2 c6 44. Rgc2 Nd5 45. Rf2 f6 46. d4 Nxf4 47.
Rxf4 Bg6 48. Rf3 e5 49. dxe5+ fxe5 50. Rd3+ Kc7 51. Rcd1 Bf7+ 52. Ka3 Bd5 53.
Rxd5 cxd5 54. Rxd5 e4 55. Rxf5 Kd6 56. Rxb5 e3 57. Rb3 e2 58. Re3 1-0

[Event "AUTO-ELITE-2021"]
[Site "http://www.queenalice.com/game.php?id=1539125"]
[Date "2018.8.17"]
[Round "1"]
[White "luizmortagua"]
[Black "omega3"]
[Result "0-1"]
[WhiteElo "2231"]
[BlackElo "2329"]

1. c4 Nf6 2. Nc3 g6 3. g3 Bg7 4. Bg2 d6 5. e3 c6 6. Nge2 O-O 7. O-O e5 8. d4 Re8
9. Rb1 e4 10. d5 c5 11. b4 b6 12. bxc5 bxc5 13. Qc2 Bf5 14. Bd2 Nbd7 15. Nb5 Ne5
16. Qa4 a6 17. Nbc3 Nf3+ 18. Bxf3 exf3 19. Nf4 g5 20. g4 Bxb1 21. Rxb1 gxf4 22.
exf4 Nxg4 23. h3 Qh4 0-1

[Event "AUTO-ELITE-2021"]
[Site "http://www.queenalice.com/game.php?id=1539126"]
[Date "2018.8.17"]
[Round "1"]
[White "omega3"]
[Black "luizmortagua"]
[Result "0-1"]
[WhiteElo "2344"]
[BlackElo "2225"]

1. d4 d5 2. Bf4 Nf6 3. e3 Bf5 4. c4 e6 5. Nc3 Bd6 6. Bg3 Bxg3 7. hxg3 c6 8. Nf3
h6 9. Ne5 Nbd7 10. g4 Nxe5 11. gxf5 Nxc4 12. Bxc4 dxc4 13. fxe6 fxe6 14. a4 Nd5
15. Qg4 Qe7 16. Qg6+ Kd7 17. Rh5 Raf8 18. Re5 Rf6 19. Qg3 Rhf8 20. Ne4 Qb4+ 21.
Kd1 R6f7 22. Nc5+ Kc8 23. f3 Qxb2 0-1

[Event "AUTO-MASTER-2736"]
[Site "http://www.queenalice.com/game.php?id=1540506"]
[Date "2018.8.29"]
[Round "2"]
[White "luizmortagua"]
[Black "Sacapiece"]
[Result "1/2-1/2"]
[WhiteElo "2222"]
[BlackElo "2287"]

1. c4 c6 2. Nc3 d5 3. cxd5 cxd5 4. d4 Nf6 5. Bf4 Nc6 6. e3 e6 7. Bd3 Be7 8. h3
O-O 9. Nge2 Re8 10. O-O a6 11. a3 Bd6 12. Bxd6 Qxd6 13. Rc1 e5 14. dxe5 Nxe5 15.
Nd4 Nxd3 16. Qxd3 Be6 17. Rfd1 Rad8 18. b4 Rc8 19. Nf5 Bxf5 20. Qxf5 Kf8 21. Rd3
Rc4 22. Rcd1 Re5 23. Qf3 Qc6 24. Nxd5 Nxd5 25. Rxd5 Rxd5 26. Qxd5 Qxd5 27. Rxd5
Rc1+ 28. Kh2 Ke7 29. Rd3 Ke6 30. Kg3 b6 31. Kf4 Rc2 32. Kf3 Rb2 33. g4 a5 34.
bxa5 bxa5 35. a4 Ra2 36. Rd4 h6 37. Kg3 g6 38. f4 f5 39. Kf3 Ra3 40. gxf5+ gxf5
41. h4 Ra2 42. e4 Ra3+ 43. Kg2 fxe4 44. Rxe4+ Kf5 45. Re5+ Kxf4 46. Rxa5 Ra2+
47. Kh3 Ra3+ 48. Kg2 Ra2+ 49. Kh3 Ra3+ 50. Kg2 1/2-1/2

[Event "AUTO-MASTER-2736"]
[Site "http://www.queenalice.com/game.php?id=1540507"]
[Date "2018.8.29"]
[Round "2"]
[White "Sacapiece"]
[Black "luizmortagua"]
[Result "1-0"]
[WhiteElo "2300"]
[BlackElo "2241"]

1. e4 g6 2. d4 d6 3. Nc3 Bg7 4. f4 e6 5. Nf3 a6 6. Bd3 Ne7 7. O-O b5 8. Kh1 Bb7
9. Be3 Nd7 10. Qe1 c5 11. e5 c4 12. exd6 cxd3 13. dxe7 Qxe7 14. cxd3 Qb4 15. d5
O-O 16. dxe6 fxe6 17. Bc1 Qd6 18. Ng5 Nc5 19. Nce4 Qd5 20. Rf3 Nxd3 21. Qh4 h6
22. Be3 Qd8 23. Bb6 Qxb6 24. Rxd3 Qc7 25. Nxe6 Qc4 26. N4c5 Rac8 27. Rd7 Rf7 28.
Rd8+ Kh7 29. Ng5# 1-0